Similar Movie Titles Quiz Stats

Quiz Updated Oct 21, 2014

Also try: Movies in Common
Challenge
Share
Tweet
Embed
Score 0/48 Timer 08:00
1 Play Today
% Correct
Future
96.7%
Beauty
93.6%
Dancing
90.8%
Kane
90%
Lebowski
89.9%
House
89.9%
Diamond
88.9%
Movie
87.7%
Phillips
86.6%
Harry
86.5%
Alcatraz
86%
Teacher
86%
Eve
85.2%
Four
84.4%
Hustle
82.5%
Neverland
79.8%
Thunder
79.7%
Gorgeous
79.4%
Rider
77.6%
Girl
76.7%
New York
74.7%
Crackers
73.4%
Eyes
72.3%
A
72.2%
% Correct
Shadows
71.9%
Double
71.8%
Forrester
67.8%
Beach
65.3%
Velvet
64.4%
Chill
62.2%
Jasmine
56.3%
Steve
56.2%
Voyage
55.2%
Julia
52.9%
Zone
52.4%
There
51.1%
Fred
50.1%
Heat
49.6%
Pool
48.3%
Face
44.3%
Lieutenant
43.4%
Ruth
42.1%
Season
39.4%
Simple
35.4%
Heart
34.5%
Heaven
34.3%
Blood
32.7%
Victory
21.3%

You're not logged in!

Compare scores with friends on all Sporcle quizzes.
Join for Free
OR
Log In

You Might Also Like...

Show Comments

Extras

Top Quizzes Today


Score Distribution

Your Account Isn't Verified!

In order to create a playlist on Sporcle, you need to verify the email address you used during registration. Go to your Sporcle Settings to finish the process.

Report this User

Report this user for behavior that violates our Community Guidelines.

Details: